| 000 | 00713cab a2200229 4500 | ||
|---|---|---|---|
| 001 | ABS56590 | ||
| 008 | 090401t1997 xxu||||| |||| 00| 0 eng d | ||
| 035 | _a(Sirsi) u24721 | ||
| 041 | _aeng | ||
| 100 | _aWebster, M. | ||
| 245 | _aPreparing for the millennium timebomb | ||
| 260 | _c1997 | ||
| 350 | _a0 | ||
| 490 |
_aProfessional Practice Management _v15(1) February 1997, 9-11(3) |
||
| 520 | _aConsiders the potentially devastating impact of the year 2000 on IT systems. Offers advice on how to minimise the effects. | ||
| 650 | _aCOMPUTERS | ||
| 650 | _aMILLENNIUM | ||
| 650 | _aYEAR 2000 | ||
| 690 | _aMANAGEMENT-BUSINESS MANAGEMENT-INFORMATION MANAGEMENT | ||
| 942 | _n0 | ||
| 948 | _c04/03/1997 | ||
| 999 |
_c16585 _d16585 |
||